Puerto de Ingeniero White : primera experiencia censal anual y sus resultados /

Guardado en:
Autor Principal: Cellario, Walter D.
Autor Corporativo: Bolsa de Cereales de Bahía Blaca. Departamento Estudios Económicos.
Formato: Libro
Idioma:Spanish
Publicado: Bahía Blanca : Bolsa de Cereales. Departamento Estudios Económicos, 1988.
Materias:
Etiquetas: Agregar Etiqueta
Sin Etiquetas, Sea el primero en etiquetar este registro!
LEADER 00783nam a22002175a 4500
001 EEO.bibeco000149
003 AR-BaUEB
005 20110412134605.0
008 080718s1988####ag#d##########000#0#spa#d
245 1 0 |a Puerto de Ingeniero White :  |b primera experiencia censal anual y sus resultados /  |c Walter D. Cellario. 
260 |a Bahía Blanca :  |b Bolsa de Cereales. Departamento Estudios Económicos,  |c 1988. 
300 |a pag. irreg. 
100 1 |a Cellario, Walter D. 
110 2 |a Bolsa de Cereales de Bahía Blaca.  |b Departamento Estudios Económicos. 
082 0 4 |a 387.1 
653 |a Puertos 
653 |a Bahía blanca (argentina) 
653 |a Ingeniero white 
653 |a Transporte fluvial 
653 |a Transporte maritimo 
859 |a AR-BaUEB  |b BIB. ECONOMIA - General  |h 387.1  |i C33  |p e06346